Le nouveau sans frontiere: methode de Francais 1

Guardat en:
Dades bibliogràfiques
Autor principal: DOMINIQUE, Philippe GIRARDET, Jacky VERDELHAN, Michele VERDELHAN, Michel
Format: Llibre
Idioma:anglès
Publicat: CLE International 1999
Etiquetes: Afegir etiqueta
Sense etiquetes, Sigues el primer a etiquetar aquest registre!

MARC

LEADER 00000nam a22000007a 4500
008 230726b |||||||| |||| 00| 0 eng d
100 |a DOMINIQUE, Philippe  |a GIRARDET, Jacky  |a VERDELHAN, Michele  |a VERDELHAN, Michel 
245 |a Le nouveau sans frontiere:  |b methode de Francais 1  |c  / Philippe Dominique ... [et al.]  |g 223p. ill 
260 |b CLE International  |c 1999  |h Paris  |i 618687  |l PC2112.D71  |m French language - Study and teaching - Methodology  |m French language - Grammar -Study and teaching - Methodology   |m French language - Textbooks for foreign speakers. 
942 |a lcc  |c BK  |e A.R.Akinniyi  |f 26:7:23 
952 |0 0  |1 0  |2 lcc  |4 0  |6 PC2112 D71  |7 0  |9 4302  |a HOL  |b HOL  |c LP  |d 2023-07-26  |l 0  |o PC2112.D71  |p 2023-0228  |r 2023-07-26 00:00:00  |t 648687  |w 2023-07-26  |y BK 
999 |c 2161  |d 2161